| 000 | 02390cam a22004454i 4500 | ||
|---|---|---|---|
| 003 | PE-LiUPU | ||
| 005 | 20250731165357.0 | ||
| 008 | 150903s2015 pe a grm 000 0 spa d | ||
| 035 | _a(Sirsi) a154302 | ||
| 040 |
_aPE-LiUPU _bspa _cPE-LiUPU _erda |
||
| 099 |
_aTPS 2 _bR68 2015 |
||
| 100 | 1 |
_aRivas Huamán, Rolly Guillermo _eautor |
|
| 245 | 1 |
_aPrevalencia de trastornos mentales en pacientes de los consultorios externos de medicina del Hospital "José Agurto Tello de Chosica" marzo-junio 2015 / _cRolly Guillermo Rivas Huamán. |
|
| 264 | 0 | _c2015. | |
| 300 |
_a76 hojas _c30 cm |
||
| 336 |
_atext _2rdacontent |
||
| 337 |
_aunmediated _2rdamedia |
||
| 338 |
_avolume _2rdacarrier |
||
| 502 |
_aTesis _b(Lic.) -- _cUniversidad Peruana Unión, _d2015. |
||
| 504 | _aIncluye referencias | ||
| 520 | 3 | _aEl presente estudio tuvo como objetivo determinar la prevalencia de trastorno mental en pacientes de consultorios externos del Hospital José Agurto Tello de Chosica. El trabajo presentado es de tipo descriptivo y corte transversal; el cual se llevó a cabo con la participación de 220 personas de ambos sexos, cuyas edades oscilaban entre 18 y 55 años. El instrumento utilizado fue de Cuestionario de Autorreporte de Síntomas Psiquiátricos (SRQ), con el cual se realizó un tamizaje psicológico, para establecer qué porcentaje de la población presentaba síntomas de presumible enfermedad mental. Para la validez de las dimensiones evaluadas ansiedad, depresión, psicosis, trastorno convulsivo y alcoholismo, se realizó la prueba alfa de crobach, y se encontró la significancia que verifica la validez de la misma. Se pudo encontrar en los resultados que la ansiedad es el trastorno con mayor prevalencia en dicha población, seguido de la depresión, como el segundo trastorno más prevalente. | |
| 526 | _aSEG44 | ||
| 526 | _aSEG26 | ||
| 526 | _aP151 | ||
| 526 | _aP150 | ||
| 526 | _aP149 | ||
| 526 | _aP146 | ||
| 526 | _aP145 | ||
| 526 | _aP126 | ||
| 526 | _aP125 | ||
| 526 | _aP92 | ||
| 526 | _aP75 | ||
| 526 | _aP74 | ||
| 526 | _aP27 | ||
| 526 | _aP15 | ||
| 650 | 0 | 4 |
_aEnfermedades mentales _zChosica, Lima (Perú : Distrito) _vTesis. |
| 596 | _a1 | ||
| 942 |
_2ddc _cTESIS |
||
| 999 |
_aTPS 2 R68 2015 _wALPHANUM _c6999 _iT01811 _lCCODEBUL3 _mBUL _r1 _sY _tTESIS _u2015-9-3 _xSALUD _PP33 _o.STAFF. Tesis _d6999 |
||
| 980 |
_81 _gALBERTO SANCHEZ Responsable de Automatización |
||